000 00558nam a2200217Ia 4500
005 20260429112056.0
008 260429s9999||||xx |||||||||||||| ||und||
020 _a9789393393333
041 _aEnglish
082 _a371.9
_bCHE
100 _aCherian, Titto
245 0 _aDisability and inclusive sports education /
_cTitto Cherian
250 _a1st ed.
260 _aNew Delhi :
_bKHEL Sahitya Kendra,
_c2024.
300 _a198 p.; hb
650 _a Disability
650 _a Education
650 _aSports
700 _a Remya, N.
942 _cTB
999 _c52223
_d52223